Inflácia: nočná mora spoločnosti
Inflácia - jej vznika a vplyv na život firiem. Analýza inflácie. Index spotrebiteľských cien (Consumer Price Index - CPI) ako najznámejší indikátor inflácie. Index cien výrobcov (Producer´s Price Index - PPI). Deflátor HDP (GDP Deflator) a jeho výpočet. Vysvetlenie pojmov "deflácia" a "stagflácia...
Gespeichert in:
| 1. Verfasser: | |
|---|---|
| Format: | Buchkapitel |
| Sprache: | Slowakisch |
| Schlagworte: | |
| Tags: |
Keine Tags, Fügen Sie das erste Tag hinzu!
|
MARC
| LEADER | 00000naa$a2200000$$$4500 | ||
|---|---|---|---|
| 001 | 0007182 | ||
| 005 | 20230926070318.3 | ||
| 041 | 0 | |a slo | |
| 044 | |a SK | ||
| 245 | 1 | 0 | |a Inflácia: nočná mora spoločnosti |c aut. Vladimír Bačišin |
| 520 | |a Inflácia - jej vznika a vplyv na život firiem. Analýza inflácie. Index spotrebiteľských cien (Consumer Price Index - CPI) ako najznámejší indikátor inflácie. Index cien výrobcov (Producer´s Price Index - PPI). Deflátor HDP (GDP Deflator) a jeho výpočet. Vysvetlenie pojmov "deflácia" a "stagflácia". Metódy riadenia inflácie. Federálny rezervný systém v úlohe centrálnej banky a jeho vplyv na ekonomiku. Banka a štátne obligácie. | ||
| 610 | 2 | 0 | |a inflácia |
| 610 | 2 | 0 | |a politika menová |
| 610 | 2 | 0 | |a politika finančná |
| 610 | 2 | 0 | |a politika úverová |
| 610 | 2 | 0 | |a trh finančný |
| 610 | 2 | 0 | |a rast hospodársky |
| 610 | 2 | 0 | |a ceny spotrebiteľské |
| 610 | 2 | 0 | |a ceny výrobcov |
| 610 | 2 | 0 | |a miera úroková |
| 610 | 2 | 0 | |a deflátor |
| 100 | 1 | |a Bačišin, Vladimír | |